000 00380 a2200145 4500
001 169053
020 _a
040 _cMagnum
100 _aFrago, Antonio Vinao
240 1 0 _aCurriculo, espaco e subjetividade: a arquitetura como programa
_lpor
245 1 0 _aCurriculo, espaco e subjetividade: a arquitetura como programa
362 0 _a1899
697 _aENSINO
942 _cBK
999 _c169053
_d169053